| 000 -LEADER |
| fixed length control field |
00766nam a22002057a 4500 |
| 005 - DATE AND TIME OF LATEST TRANSACTION |
| control field |
20240424171718.0 |
| 008 - FIXED-LENGTH DATA ELEMENTS--GENERAL INFORMATION |
| fixed length control field |
240424s2008 eng||||| |||| 00| 0 eng d |
| 020 ## - INTERNATIONAL STANDARD BOOK NUMBER |
| International Standard Book Number |
978-0071422925x |
| 041 ## - LANGUAGE CODE |
| Language code of text/sound track or separate title |
eng |
| 080 ## - UNIVERSAL DECIMAL CLASSIFICATION NUMBER |
| Universal Decimal Classification number |
616.89 C-95 |
| 245 ## - TITLE STATEMENT |
| Title |
CURRENT Diagnosis & Treatment Psychiatry / |
| Statement of responsibility, etc. |
Edited Michael Ebert, Peter Loosen, Barry Nurcombe, James Leckman. |
| 250 ## - EDITION STATEMENT |
| Edition statement |
Edition Edition |
| 264 ## - PRODUCTION, PUBLICATION, DISTRIBUTION, MANUFACTURE, AND COPYRIGHT NOTICE |
| Place of production, publication, distribution, manufacture |
New York : |
| Name of producer, publisher, distributor, manufacturer |
McGraw-Hill, |
| Date of production, publication, distribution, manufacture, or copyright notice |
2008. |
| 300 ## - PHYSICAL DESCRIPTION |
| Extent |
740 p.; |
| Other physical details |
24 cm. |
| 700 ## - ADDED ENTRY--PERSONAL NAME |
| Personal name |
Ebert, Michael |
| Relator term |
რედაქტორი |
| 9 (RLIN) |
21922 |
| 700 ## - ADDED ENTRY--PERSONAL NAME |
| Personal name |
Loosen, Peter |
| Relator term |
რედაქტორი |
| 9 (RLIN) |
21923 |
| 700 ## - ADDED ENTRY--PERSONAL NAME |
| Personal name |
Nurcombe, Barry |
| Relator term |
რედაქტორი |
| 9 (RLIN) |
21924 |
| 700 ## - ADDED ENTRY--PERSONAL NAME |
| Personal name |
Leckman, James |
| Relator term |
რედაქტორი |
| 9 (RLIN) |
21925 |
| 942 ## - ADDED ENTRY ELEMENTS (KOHA) |
| Source of classification or shelving scheme |
|
| Koha item type |
წიგნი |